000 01458nam a2200217Ia 4500
999 _c37510
_d37510
001 3474
003 GE_BSU
005 20190620201343.0
008 181216s2008||||ge |||||||||||||| ||ge ||
020 _a9789941003332
040 _cGE_BSU
041 _ageo
080 _a373.5.035 მ–37
245 _aმასწავლებლის პროფესიული სტანდარტი /
_bსახვითი და გამოყენებითი ხელოვნება. შრომითი სწავლება. საბუნებიმეტყველო მეცნიერებები. საზოგადოებრივი მეცნიერება. ქართული ენა და ლიტერატურა. დაწყებითი საფეხური. ფიზიკური აღზრდა. უცხოური ენები. მათემატიკა, მუსიკა. მასწავლებელთა პროფეს. განვ. ცენტრი.
250 _aპირველი რედაქცია
264 _aთბილისი,
_c2008.
300 _a128 გვ. ;
_b29 სმ.
653 _aმასწავლებლის პროფესიული სტანდარტი
710 _aმასწავლებელთა პროფეს. განვ. ცენტრი
_92696
942 _cBK
_2udc